000 00705cam a2200205 a 4500
003 OSt
005 20150408114004.0
008 090505s2001 le g 000 0 ara c
040 _amu
_bara
_cmb
082 0 4 _a415.1
_221
100 1 _aالخوام، رياض بن حسن
_99164
245 1 2 _aالطريق الى صنعة الاعراب مع التطبيق
_cرياض بن حسن الخوام.
250 _aط. 1.
260 _aالرياض
_bمكتبة الرشد
_c2010
300 _a398 ص. ؛
_c24 سم.
490 0 _aسلسلة البحوث اللغوية ؛
_v1
650 7 _aاللغة العربية
_xنحو
_2aucsh
650 7 _aاللغة العربية
_xألفاظ
_2aucsh
942 _2ddc
_cBOOK
999 _c20406
_d254906